Presente y futuro del estado de bienestar (Registro nro. 3970)
[ vista simple ]
| 000 -LEADER | |
|---|---|
| fixed length control field | 01510 a2200289 4500 |
| 001 - CONTROL NUMBER | |
| control field | 45559 |
| 005 - DATE AND TIME OF LATEST TRANSACTION | |
| control field | 20260407155728.0 |
| 008 - FIXED-LENGTH DATA ELEMENTS--GENERAL INFORMATION | |
| fixed length control field | 260407a2001 arg spa d |
| 003 - CONTROL NUMBER IDENTIFIER | |
| control field | AR-UNSa-BCEJYS |
| 040 ## - CATALOGING SOURCE | |
| Original cataloging agency | AR-UNSa-BCEJYS |
| Language of cataloging | spa |
| Transcribing agency | AR-UNSa-BCEJYS |
| 080 ## - UNIVERSAL DECIMAL CLASSIFICATION NUMBER | |
| Universal Decimal Classification number | 316.323.65 |
| Common auxiliary subdivision | Estado del bienestar |
| 020 ## - INTERNATIONAL STANDARD BOOK NUMBER | |
| International Standard Book Number | 950-9467-81-2 |
| 041 ## - LANGUAGE CODE | |
| Language code of text/sound track or separate title | spa |
| 100 1# - MAIN ENTRY--PERSONAL NAME | |
| Personal name | Le Grand, Julian |
| 245 10 - TITLE STATEMENT | |
| Title | Presente y futuro del estado de bienestar |
| Name of part/section of a work | el debate europeo |
| 264 #1 - PRODUCTION, PUBLICATION, DISTRIBUTION, MANUFACTURE, AND COPYRIGHT NOTICE | |
| Place of production, publication, distribution, manufacture | Buenos Aires : |
| Name of producer, publisher, distributor, manufacturer | Miño y Dávila |
| Date of production, publication, distribution, manufacture, or copyright notice | 2001 |
| 300 ## - PHYSICAL DESCRIPTION | |
| Extent | 162 p. |
| Dimensions | 20 cm. |
| 505 ## - FORMATTED CONTENTS NOTE | |
| Formatted contents note | 1. Políticas alternativas a la sociedad del trabajo / Ulrich Beck – 2. ¿De caballeros a pícaros? Policías públicas e incentivos de mercado / Julián Le Grand – 3. ¿Qué Estados de Bienestar tienen mayores probabilidades de sobrevivir? / Howard Glennerster – 4. ¿Burócratas o arquitectos? La reestructuración del Estado benefactor en Europa / Gosta Esping Andersen – 5. Conjugar la pobreza. Las experiencias de ingreso mínimo garantizado en Europa / Serge Paugam. |
| 590 ## - LOCAL NOTE (RLIN) | |
| Local note | niveau_biblio:m niveau_hierar:0 |
| 700 1# - ADDED ENTRY--PERSONAL NAME | |
| Personal name | Beck, Ulrich |
| 700 1# - ADDED ENTRY--PERSONAL NAME | |
| Personal name | Glennerster, Howard |
| 700 1# - ADDED ENTRY--PERSONAL NAME | |
| Personal name | Esping-Andersen, Gosta |
| 700 1# - ADDED ENTRY--PERSONAL NAME | |
| Personal name | Paugam, Serge |
| 700 1# - ADDED ENTRY--PERSONAL NAME | |
| Personal name | Argentina. Ministerio de Desarrollo Social y Medio Ambiente de la Nación. Sistema de Información, Monitoreo y Evaluación de Programas Sociales (SIEMPRO) |
| 856 41 - ELECTRONIC LOCATION AND ACCESS | |
| Uniform Resource Identifier | <a href="https://www.biblioeco.unsa.edu.ar/pmb/images/libros/L127142.jpg">https://www.biblioeco.unsa.edu.ar/pmb/images/libros/L127142.jpg</a> |
| Link text | Imagen de portada |
| Electronic format type | image/jpeg |
| 942 ## - ADDED ENTRY ELEMENTS (KOHA) | |
| Koha item type | |
| Withdrawn status | Lost status | Damaged status | Not for loan | Home library | Current library | Shelving location | Date acquired | Total checkouts | Full call number | Barcode | Date last seen | Price effective from | Koha item type |
|---|---|---|---|---|---|---|---|---|---|---|---|---|---|
| Biblioteca Prof. Eusebio Cleto del Rey | Biblioteca Prof. Eusebio Cleto del Rey | 07/04/2026 | 316.323.65 P933 | L127142 | 07/04/2026 | 07/04/2026 | Libro |